| 000 | 00000nas##2200000za#4500 |
|---|---|
| 001 | 9.500874 |
| 003 | CaOODSP |
| 005 | 20200325121919 |
| 007 | cr ||||||||||| |
| 008 | 150406c2002||||xxc|| m o||||f| |0fre|d |
| 040 | |aCaOODSP|bfre |
| 043 | |an-cn--- |
| 086 | 1 |aH113-2F-IN |
| 110 | 1 |aCanada.|bSanté Canada. |bAgence de réglementation de la lutte antiparasitaire. |
| 245 | 10|aFiche technique |h[ressource électronique] |
| 260 | |aOttawa - Ontario : |bSanté Canada. |c2002. |
| 362 | 1 |aFACT 2002- |
| 775 | 08|tFact sheet |w(CaOODSP)9.504456 |
| 776 | 0#|tFiche technique |w(CaOODSP)9.513059 |